000 00609nam a22002177a 4500
005 20230105155840.0
008 230105b ||||| |||| 00| 0 eng d
040 _cAL
041 _aeng
082 _223
_a954.1
_bARNC
100 _aJ Adiss Arnold
_968615
245 _aCrisis in north East India
260 _aMadras
_bGurukul Publications
_c1981
300 _avi,104p.
_bPB
_c21x14cm.
365 _2History
650 _aNorth East India
_968559
650 _aPolitical And Economical Development
_968560
650 _aMilitary Aspects
_968561
700 _aARNOLD (J Adiss)
_968562
942 _2ddc
_cDB
999 _c226258
_d226258